History Quiz

Random History or Canada Quiz

Greatest Canadians (CBC) Quiz Stats

 Plays Quiz Updated Feb 21, 2012

Score 0/100 Timer 12:00
0 Plays Today
Rank Name % Correct
10Wayne Gretzky
83.6%
9Alexander Graham Bell
72.3%
2Terry Fox
67.5%
32Michael J. Fox
65%
27Céline Dion
64.8%
51Pamela Anderson
64.6%
29Jim Carrey
62.9%
20Mike Myers
62.6%
18Shania Twain
58.5%
56William Shatner
52.7%
90Bryan Adams
51.8%
34Hal Anderson
51.7%
3Pierre Elliott Trudeau
51%
38Mario Lemieux
49.9%
19Bobby Orr
49.1%
7Don Cherry
47.7%
41John Candy
47.6%
40Avril Lavigne
44.6%
14Neil Young
44.6%
23Maurice 'Rocket' Richard
44.5%
53Gordie Howe
39.3%
85Emily Carr
36.7%
8Sir John A. Macdonald
36.6%
70James Naismith
36.2%
5David Suzuki
33.4%
96Geddy Lee
33.4%
67Patrick Roy
30.5%
94Anne Murray
28.8%
39Bret 'Hitman' Hart
28.7%
6Lester B. Pearson
28.4%
82Dan Aykroyd
27.4%
45Jean Chrétien
27%
59Tim Horton
26.7%
95Lord Stanley of Preston
26.6%
Rank Name % Correct
49William Lyon Mackenzie King
25.7%
64Brian Mulroney
25.3%
1Tommy Douglas
25.3%
71Margaret Atwood
24.9%
11Louis Riel
24.8%
86Mike Weir
24.1%
35Laura Secord
24.1%
13Stompin' Tom Connors
22.1%
4Sir Frederick Banting
21.9%
89Donovan Bailey
19.5%
79Ed Belfour
19.4%
57Lucy Maud Montgomery
18.8%
92John Molson
18.6%
50Rick Mercer
18.6%
83Elijah Harper
18.1%
43Sir Wilfrid Laurier
17.6%
36Ernie Coombs
17%
33Gordon Lightfoot
16.9%
47John Diefenbaker
16.8%
93Joni Mitchell
16.4%
58Paul Henderson
16.4%
46Leonard Cohen
16.1%
42Sir Sandford Fleming
14.7%
16Romeo Dallaire
14.2%
69René Lévesque
13.8%
30Rick Hansen
13.7%
75Sarah McLachlan
13.6%
48Billy Bishop
13.6%
78Robert Munsch
13.4%
65Burton Cummings
13.3%
55Glenn Gould
12.8%
63Roberta Bondar
12.3%
17Stephen Lewis
11.8%
77Charles Best
11.1%
Rank Name % Correct
91Preston Manning
11%
76John McCrae
10.3%
98Mordecai Richler
9.8%
84Kurt Browning
9.7%
62Marshall McLuhan
9.6%
37Tecumseh
9.1%
88Farley Mowat
9%
21Unknown Soldier
8.7%
68Jean Béliveau
8.5%
25Nellie McClung
8.1%
73David Thompson
8%
81Sandra Schmirler
7.8%
28Sir Isaac Brock
7.5%
26Norman Bethune
7.2%
31Pierre Berton
7.1%
15Peter Gzowski
7.1%
60Stan Rogers
6.6%
87Henry Morgentaler
6.4%
22Harold A. Rogers
6.3%
52Craig Kielburger
6.2%
24Sir Arthur Currie
5.3%
66Sheila Fraser
5%
74Emily Murphy
4.7%
12Jean Vanier
4.5%
80Chief Dan George
4.4%
99Sam Steele
3.5%
54Sir William Stephenson
2.7%
97Louise Arbour
2.4%
100J.S. Woodsworth
2.2%
61Sir William Edmond Logan
1.8%
44Mary Maxwell
1.2%
72Anne Cools
1.2%

You're not logged in!

Compare scores with friends on all Sporcle quizzes.
OR
Log In

Sporcle TV

Today on Sporcle TV


Watch our educational content, quiz creation guides, and fun videos on Sporcle TV.

Show Comments

Extras

Top Quizzes Today


Score Distribution

Your Account Isn't Verified!

In order to create a playlist on Sporcle, you need to verify the email address you used during registration. Go to your Sporcle Settings to finish the process.

Report this User

Report this user for behavior that violates our Community Guidelines.

Details: